000 01558cam a2200169 4500500
005 20260208020141.0
041 _afre
042 _adc
100 1 0 _aDuchet, Claude
_eauthor
700 1 0 _aMilner, Max
_eauthor
245 0 0 _aClaude Pichois, ou l'histoire littéraire faite homme(s)
260 _c2004.
500 _a93
520 _aDécouvert dans les minutes d’un notaire parisien, le testament de Louis Weil est d’un grand intérêt.Il permet de découvrir parmi ses légataires plusieurs membres de la famille Weil dont on ignorait jusque-là l’existence. Il permet de mesurer le degré d’intimité qu’il avait avec eux et d’affection qu’il leur portait à l’aune des legs qu’il leur fait. Il permet aussi de voir à quel point Moïse Baruch Weil, qui se faisait appeler Louis, restait cependant attaché à la communauté juive, dont les « pauvres » sont cités en premier lieu parmi les légataires qu’il désigne. Complété par plusieurs autres documents notariés, le testament permet enfin d’évoquer concrètement la maison d’Auteuil et surtout la maison du boulevard Haussmann dans laquelle Marcel Proust s’est établi après la mort de sa mère. On sait combien ces lieux ont eu d’importance dans l’imaginaire proustien. Comme l’oncle Louis devenu l’oncle Adolphe.
786 0 _nRevue d'histoire littéraire de la France | Vol.104 | 4 | 2004-09-01 | p. 771-782 | 0035-2411
856 4 1 _uhttps://shs.cairn.info/revue-d-histoire-litteraire-de-la-france-2004-4-page-771?lang=fr&redirect-ssocas=7080
999 _c1660861
_d1660861